Statistics for Zodiac Cast

Click here to take the quiz!

General Stats

  • This quiz has been taken 4 times
  • The average score is 11 of 35

Answer Stats

HintAnswer% Correct
Robert GraysmithJake Gyllenhaal
100%
Paul AveryRobert Downey Jr.
100%
Dave ToschiMark Ruffalo
75%
Melvin BelliBrian Cox
50%
Duffy JenningsAdam Goldberg
25%
Bill ArmstrongAnthony Edwards
25%
Bob VaughnCharles Fleischer
25%
Melanie GraysmithChloë Sevigny
25%
Darlene FerrinCiara Moriarty
25%
Linda del BuonoClea DuVall
25%
Marty LeeDermot Mulroney
25%
Ken NarlowDonal Logue
25%
Jack MulanaxElias Koteas
25%
Kathleen JohnsIone Skye
25%
George BawartJames LeGros
25%
Older Mike MageauJimmi Simpson
25%
Insp. KrackeJoel Bissonnette
25%
Arthur Leigh AllenJohn Carroll Lynch
25%
Terry PascoeJohn Ennis
25%
Templeton PeckJohn Getz
25%
Donald CheneyJohn Hemphill
25%
Captain GilletteJohn Mahon
25%
Charles ThieriotJohn Terry
25%
Catherine AllenJules Bruff
25%
Carol ToschiJune Diane Raphael
25%
Mike MageauLee Norris
25%
John AllenMatt Winston
25%
David GraysmithMicah Sauers
25%
Bryan HartnellPatrick Scott Lewis
25%
Sandy PanzarellaPaul Schulze
25%
Cecilia ShepardPell James
25%
Sherwood MorrillPhilip Baker Hall
25%
Jim DunbarTom Verica
25%
Aaron GraysmithZachary Sauers
25%
Mel NicolaiZach Grenier
25%

Score Distribution

Percentile by Number Answered

Percent of People with Each Score

Your Score History

You have not taken this quiz